000 00657nam a2200265Ia 4500
005 20260121170808.0
008 008 260114s9999 xx 000 0 eng d
020 _a9783319982588
037 _aEBOOK
040 _aCRL
040 _beng
040 _cCRL
041 _2eng
041 _aeng
084 _qCRL
100 _aPantelis Pnigouras
_91068248
245 0 _aSaturation of the f-mode Instability in Neutron Stars
260 _bSpringer
260 _bSpringer
260 _c2018
856 _uhttps://link.springer.com/openurl?genre=book&isbn=978-3-319-98258-8
942 _cEBOOK
999 _c1633978
_d1633978